Guess the region of Italy from his typical food - Statistics

General Stats
  • This quiz has been taken 393 times
  • The average score is 8 of 20
Answer Stats
Picture Answer % Correct
Sicily
87%
Campania
65%
Tuscany
60%
Lazio
56%
Liguria
53%
Lombardy
53%
Emilia-Romagna
49%
Aosta-Valley
47%
Sardinia
43%
Apulia
42%
Calabria
40%
Veneto
39%
Trentino-South Tyrol
33%
Marche
30%
Piedtmont
29%
Abruzzo
26%
Friuli-Venezia Giulia
25%
Umbria
25%
Basilicata
24%
Molise
23%
No matching quizzes found
Score Distribution
Percent of People with Each Score
Percentile by Number Answered
Your Score History
You have not taken this quiz